• 首页
  • 本馆介绍
  • 公告通知
  • 最新文献
  • 馆藏检索
  • 电子资源
  • 读者导购
  • 参考咨询
  • 我的图书馆
  • 登录
  • 详细信息显示
  • 放入我的书架
  • 预约/预借图书
  • 作者相关作品
  • 分类相关作品
  • 丛书相关作品
  • 出版社相关作品

书目信息

  • 表格格式
  • 工作单格式
  • 卡片格式
题名:
新时代领导干部马克思主义信仰教育
    
 
作者: 陈胜云 著
分册:  
出版信息: 上海   上海社会科学院出版社  2021.11
页数: 242页
开本: 24cm
丛书名:
单 册:
中图分类: A81 , D61
科图分类:
主题词: 马克思主义--ma ke si zhu yi--信仰--中国--干部教育--学习参考资料
电子资源:
ISBN: 978-7-5520-3691-6
000 01227nam0 2200265 450
001 CAL 0120217314860
005 20230217093113.0
010    @a978-7-5520-3691-6@dCNY78.00
100    @a20211220d2021 em y0chiy0120 ea
101 0  @achi
102    @aCN@b310000
105    @ay a 000yy
106    @ar
200 1  @a新时代领导干部马克思主义信仰教育@Axin shi dai ling dao gan bu ma ke si zhu yi xin yang jiao yu@f陈胜云著
210    @a上海@c上海社会科学院出版社@d2021.11
215    @a242页@d24cm
314    @a陈胜云, 博士毕业于南京大学哲学系马克思主义哲学专业, 现为中共上海市委党校哲学教研部主任、教授、硕士研究生导师。
320    @a有书目 (第234-237页)
330    @a本书稿除导论外, 共分五章: 第一章, “领导干部马克思主义信仰教育及其时代要求” ; 第二章, “领导干部马克思主义信仰教育的挑战与问题” ; 第三章, “系统把握领导干部马克思主义信仰教育内容” ; 第四章, “创新运用领导干部马克思主义信仰教育方式” ; 第五章, “创新领导干部马克思主义信仰教育组织管理”。书后附有主要参考文献和三个附录。
606 0  @a马克思主义@Ama ke si zhu yi@x信仰@y中国@x干部教育@j学习参考资料
690    @aA81@v5
690    @aD61@v5
701  0 @a陈胜云@Achen sheng yun@4著
801  0 @aCN@bBJXHZP@c20230228
905    @b1397459-62@dA81@e413@f4
    
    新时代领导干部马克思主义信仰教育/陈胜云著.-上海:上海社会科学院出版社,2021.11
    242页;24cm
    
    
    ISBN 978-7-5520-3691-6:CNY78.00
    本书稿除导论外, 共分五章: 第一章, “领导干部马克思主义信仰教育及其时代要求” ; 第二章, “领导干部马克思主义信仰教育的挑战与问题” ; 第三章, “系统把握领导干部马克思主义信仰教育内容” ; 第四章, “创新运用领导干部马克思主义信仰教育方式” ; 第五章, “创新领导干部马克思主义信仰教育组织管理”。书后附有主要参考文献和三个附录。
●
相关链接 在E读中查询图书 在五车中查询图书 在当当中查询图书 在豆瓣中查询图书


正题名:新时代领导干部马克思主义信仰教育     索取号:A81/413         预约/预借

序号 登录号 条形码 馆藏地/架位号 状态 备注
1 1397459   213974591   第一样本阅览室/ [索取号:A81/413] 在馆    
2 1397460   213974608   第一借阅区/ [索取号:A81/413] 在馆    
3 1397461   213974617   第一借阅区/ [索取号:A81/413] 在馆    
4 1397462   213974626   第一借阅区/ [索取号:A81/413] 在馆    
唐山师范学院图书馆 欢迎您!
大连网信软件有限公司© 版权所有